| 000 | 00594nam a22001937a 4500 | ||
|---|---|---|---|
| 003 | NUST - PNEC | ||
| 005 | 20170116180805.0 | ||
| 008 | 150421b xxu||||| |||| 00| 0 eng d | ||
| 020 | _a0195775708 | ||
| 040 | _cLIBRARY | ||
| 082 | _a954.9105 ARI | ||
| 100 |
_92888 _a Arif, K. M. (Khalid Mahmud), |
||
| 245 |
_aWorking with Zia : Pakistan's power politics, 1977-1988 _cKhalid Mahmud Arif |
||
| 250 | _a- | ||
| 260 |
_aPakistan : _bKarachi, _cc 1995 |
||
| 300 | _a435 p . : | ||
| 650 |
_92890 _aWorking with Zia : Pakistan's power politics, 1977-1988 _xPolitical science |
||
| 942 |
_2ddc _cBK |
||
| 999 |
_c63145 _d63145 |
||